Guess the 1960s song lyrics #135 - Statistics

General Stats
  • This quiz has been taken 35 times
  • The average score is 194 of 226
Answer Stats
Answer % Correct
I
100%
you
96%
You
96%
me
93%
so
93%
don't
89%
Girl
89%
got
89%
no
89%
Oh
89%
really
89%
know
86%
now
86%
what
86%
can't
82%
going
82%
at
79%
be
79%
doing
79%
I'm
79%
night
79%
Yeah
79%
yeah
79%
sleep
75%
Kinks
71%
your
68%
by
64%
ever
64%
side
54%
See
50%
wanna
50%
always
43%
free
29%
set
29%
No matching quizzes found
Score Distribution
Percent of People with Each Score
Percentile by Number Answered
Your Score History
You have not taken this quiz